Le culte de cérès a Roma: des origines à la fin de la repúblique

Uloženo v:
Podrobná bibliografie
Hlavní autor: Le Bonniec, Henri (Autor)
Médium: Kniha
Jazyk:francouzština
Vydáno: París C. Klincksieck 1958
Edice:Etudes et Commentaires, 27
Témata:
Tagy: Přidat tag
Žádné tagy, Buďte první, kdo vytvoří štítek k tomuto záznamu!

MARC

LEADER 00000nam a2200000 a 4500
001 UCP9390
003 CL-VaPUC
008 000324e19580000FR |||||||||||||||||fre|d
082 0 4 |a 937  |b LEB  |2 21 
100 0 |a Le Bonniec, Henri  |e author  |9 439926 
245 1 3 |a Le culte de cérès a Roma: des origines à la fin de la repúblique 
300 |a 507 P 
942 |c BK 
945 |d 20000324 00:00:00  |a rherrera 
260 |a París  |b C. Klincksieck  |c 1958 
650 0 |a Historia antigua  |9 267521 
650 7 |a ROMA  |2 CL-VaPUC  |9 317375 
650 0 |a Civilización romana  |9 438909 
650 7 |a RELIGION ROMANA  |2 CL-VaPUC  |9 439927 
650 7 |a ORIGENES  |2 CL-VaPUC  |9 367418 
650 0 |a República romana  |9 433651 
583 |a last modification  |c 20000324 00:00:00  |k Rodrigo Vera 
490 0 |a Etudes et Commentaires, 27 
999 |c 286205  |d 286203 
952 |0 0  |1 0  |4 0  |6 937_000000000000000_LEB_1958  |7 0  |8 A  |9 331704  |a BIBHIS  |b BIBHIS  |d 2019-11-20  |i 1389300  |o 937 LEB 1958  |p 1389300  |r 2025-01-20  |w 2019-11-20  |y BK  |k HIS